All Franchises Represented in Super Smash Bros. - Statistics

General Stats
  • This quiz has been taken 130 times
    123 since last reset
  • The average score is 33 of 84
Answer Stats
Hint Answer % Correct
Nintendo Mario
99%
Nintendo Donkey Kong
92%
Nintendo The Legend of Zelda
92%
Game Freak Pokémon
91%
Sega Sonic the Hedgehog
88%
HAL Laboratory Kirby
87%
Nintendo/Retro Studios Metroid
86%
Konami Metal Gear
84%
Nintendo Yoshi
83%
Intelligent Systems Fire Emblem
82%
Capcom Mega Man
82%
Capcom Street Fighter
81%
Square Enix Final Fantasy
79%
Bandai Namco Pac-Man
79%
Nintendo Wario
78%
Atlus Megami Tensei
75%
Nintendo Star Fox
75%
PlatinumGames Bayonetta
73%
HAL Laboratory/Ape Inc. EarthBound
73%
Nintendo F-Zero
73%
HAL Laboratory/Sora Ltd./Bandai Namco Super Smash Bros.
73%
Nintendo Kid Icarus
69%
Konami Castlevania
68%
Rare Banjo-Kazooie
66%
Monolift Soft Xenoblade Chronicles
66%
Nintendo Ice Climber
65%
Nintendo Game & Watch
62%
Nintendo Pikmin
62%
Nintendo R.O.B.
61%
Nintendo Wii Fit
60%
SNK Fatal Fury
58%
Nintendo Animal Crossing
57%
Nintendo Duck Hunt
57%
Nintendo Mii
57%
Nintendo Punch-Out!!
57%
Nintendo ARMS
52%
Nintendo Splatoon
51%
Yacht Club Games Shovel Knight
43%
Nintendo Nintendogs
29%
Konami/Hudson Soft Bomberman
26%
Nintendo Tomodachi
22%
Nintendo Wii Sports
22%
indieszero Electroplankton
21%
Capcom Monster Hunter
19%
Camelot Software Golden Sun
18%
Nintendo Pilotwings
18%
Sega Virtua Fighter
18%
Nintendo Balloon Fight
17%
Koei Tecmo Fatal Frame
17%
Nintendo Nintendo DS
16%
Nintendo Miiverse
14%
Maxis SimCity
14%
Nintendo Wrecking Crew
14%
Nintendo Brain Age
13%
Nintendo Excite
13%
Rare GoldenEye
12%
Intelligent Systems Nintendo Wars
12%
Rare Perfect Dark
12%
Nintendo StreetPass Mii Plaza
12%
TOSE The Legendary Starfy
12%
Vanpool Dillon's Rolling Western
10%
Nintendo Jam with the Band
10%
Nintendo Rhythm Heaven
10%
Headstrong Games Art Academy
9%
Nintendo Devil World
9%
Bandai Namco Dig Dug
9%
Nintendo Joy Mech Fight
9%
Nintendo Nintendo Badge Arcade
9%
Nintendo The Mysterious Murasame Castle
9%
Game Freak Drill Dozer
8%
Nintendo Sheriff
8%
Nintendo Color TV-Game
6%
NOISE Custom Robo
6%
Treasure Sin and Punishment
6%
Nintendo Swapnote
6%
Nintendo Clu Clu Land
5%
Intelligent Systems Panel de Pon
5%
Bandai Namco Galaxian
4%
Eighting Kururin
4%
Nintendo Steel Diver
4%
Bandai Namco Xevious
4%
Nintendo Wild Gunman
3%
Nintendo Hogan's Alley
1%
Nintendo Kaeru no Tame ni Kane wa Naru
1%
No matching quizzes found
Score Distribution
Percent of People with Each Score
Percentile by Number Answered
Your Score History
You have not taken this quiz since the last reset